000 00715nam a2200289Ia 4500
005 20260324125858.0
008 008 260324s9999 xx 000 0 eng d
020 _a9781351280082
037 _aEBOOK
040 _aCRL
040 _beng
040 _cCRL
041 _2eng
041 _aeng
084 _qCRL
100 _aChris Laszlo; Patrick Cescau
_91179675
245 0 _aSustainable Value
245 0 _bHow the World's Leading Companies Are Doing Well by Doing Good
260 _bTaylor and Francis
260 _c2008
365 _a
365 _b44.99
856 _uhttp://www.taylorfrancis.com/books/9781351280082
942 _cEBOOK
999 _c1775314
_d1775314